[Event "FRA-chT3 Gr12 0304"]
[Site "Loire"]
[Date "2004.04.04"]
[Round "7.2"]
[White "Gouy, Frederic"]
[Black "Rossi, Giovanni"]
[Result "1/2-1/2"]
[WhiteElo "2162"]
[BlackElo "1959"]
[PlyCount "62"]
[EventDate "2003.10.12"]
[EventType "team-tourn"]
[EventRounds "9"]
[EventCountry "FRA"]
[SourceTitle "EXT 2008"]
[Source "ChessBase"]
[SourceDate "2007.11.25"]
[SourceVersion "1"]
[SourceVersionDate "2007.11.25"]
[SourceQuality "1"]

1. e4 e5 2. Nf3 Nc6 3. Bc4 Nf6 4. Nc3 Bc5 5. 0-0 0-0 6. d3 d6 7. Bg5 h6 8. Bh4 Bg4 9. h3 Bxf3 10. Qxf3 Nd4 11. Qd1 c6 12. Na4 b5 13. Nxc5 dxc5 14. c3 bxc4 15. cxd4 cxd4 16. f4 exf4 17. e5 g5 18. exf6 Qxf6 19. Bf2 cxd3 20. Qxd3 c5 21. b4 cxb4 22. Bxd4 Qd6 23. Rad1 Rfd8 24. Qb3 a5 25. Ba1 Qb6+ 26. Kh1 Rxd1 27. Rxd1 Qf2 28. Qd5 Re8 29. Rg1 Re1 30. Qd8+ Kh7 31. Qd3+ Kg8 1/2-1/2

[Event "Lyon LOE op"]
[Site "Lyon"]
[Date "2002.05.11"]
[Round "7"]
[White "Gouy, Frederic"]
[Black "Mendola, Daniel"]
[Result "1-0"]
[WhiteElo "2185"]
[BlackElo "2073"]
[PlyCount "68"]
[EventDate "2002.05.??"]
[EventType "swiss"]
[EventRounds "9"]
[EventCountry "FRA"]
[SourceTitle "EXT 2004"]
[Source "ChessBase"]
[SourceDate "2003.11.25"]
[SourceVersion "1"]
[SourceVersionDate "2003.11.25"]
[SourceQuality "1"]

1. g3 e5 2. c4 Nf6 3. Bg2 c6 4. Nf3 d6 5. b3 Be7 6. Bb2 Nbd7 7. 0-0 a5 8. Nc3 0-0 9. Qc2 Nc5 10. d4 exd4 11. Nxd4 Re8 12. h3 Qb6 13. Rad1 Bf8 14. Kh2 Be6 15. e4 Rad8 16. f4 Bc8 17. Rfe1 Qc7 18. Kh1 Nh5 19. Qf2 g6 20. g4 Nf6 21. Qg3 Bg7 22. Ba3 Nfd7 23. h4 Nf6 24. Bf3 Ne6 25. Ndb5 cxb5 26. Nxb5 Qb6 27. Nxd6 Rxd6 28. Bxd6 Nd7 29. e5 Bh6 30. g5 Bg7 31. h5 Nd4 32. Be4 Nc6 33. Re2 Nc5 34. Qf2 Qa7 1-0

[Event "Lyon LOE op"]
[Site "Lyon"]
[Date "2002.05.09"]
[Round "3"]
[White "Gouy, Frederic"]
[Black "Chevant, Louis"]
[Result "1/2-1/2"]
[WhiteElo "2185"]
[BlackElo "2087"]
[PlyCount "37"]
[EventDate "2002.05.??"]
[EventType "swiss"]
[EventRounds "9"]
[EventCountry "FRA"]
[SourceTitle "EXT 2004"]
[Source "ChessBase"]
[SourceDate "2003.11.25"]
[SourceVersion "1"]
[SourceVersionDate "2003.11.25"]
[SourceQuality "1"]

1. b3 Nf6 2. Bb2 e6 3. Nf3 Be7 4. e3 d5 5. d4 0-0 6. Nbd2 b6 7. Bd3 Ba6 8. c4 c5 9. 0-0 Nc6 10. Rc1 Rc8 11. a3 cxd4 12. exd4 Na5 13. Ne5 dxc4 14. bxc4 Bb7 15. Qe2 Bd6 16. Rfd1 Qe7 17. Rc3 Nc6 18. Ndf3 Rfd8 19. Nxc6 1/2-1/2

[Event "Paris-ch op"]
[Site "Paris"]
[Date "1999.07.22"]
[Round "6"]
[White "Gouy, Frederic"]
[Black "Nguyen, Thanh Tong"]
[Result "0-1"]
[WhiteElo "2157"]
[BlackElo "2253"]
[PlyCount "144"]
[EventDate "1999.07.17"]
[EventType "swiss"]
[EventRounds "9"]
[EventCountry "FRA"]
[SourceTitle "EXT 2000"]
[Source "ChessBase"]
[SourceDate "1999.11.16"]
[SourceVersion "1"]
[SourceVersionDate "1999.11.16"]
[SourceQuality "1"]

1. Nf3 Nf6 2. c4 g6 3. d4 Bg7 4. g3 0-0 5. Bg2 d6 6. 0-0 Nbd7 7. Nc3 e5 8. e4 c6 9. h3 Re8 10. Be3 exd4 11. Nxd4 Nc5 12. Qc2 a5 13. Nb3 Qe7 14. Nxc5 dxc5 15. f3 Nd7 16. Rad1 Nb6 17. Qf2 Nxc4 18. Bxc5 Qc7 19. f4 a4 20. e5 Be6 21. Ne4 Bd5 22. Nd6 Nxd6 23. Bxd6 Qc8 24. Bxd5 cxd5 25. Qg2 Ra5 26. Rc1 Qf5 27. Rfd1 Bf8 28. Bxf8 Rxf8 29. Rxd5 Rxd5 30. Qxd5 Qxh3 31. Rc3 b6 32. Qc6 Rd8 33. Qf3 Rd2 34. e6 Qxe6 35. Re3 Qf6 36. Re5 Rxb2 37. Qa8+ Kg7 38. Qxa4 Qd6 39. Re4 Qc5+ 40. Qd4+ Qxd4+ 41. Rxd4 Rxa2 42. Rb4 Ra6 43. Kf2 f5 44. Rb3 Kh6 45. Ke3 Kh5 46. Kd4 Kg4 47. Ke5 Ra5+ 48. Kf6 b5 49. Ke5 b4+ 50. Kf6 Rb5 51. Kg7 h5 52. Kxg6 Rb6+ 53. Kf7 h4 54. gxh4 Kxh4 55. Ke7 Kg4 56. Kd7 Kxf4 57. Kc7 Rb5 58. Kc6 Rb8 59. Kc7 Re8 60. Rxb4+ Kf3 61. Kd6 f4 62. Kd5 Kg3 63. Rb7 f3 64. Rg7+ Kf4 65. Kd4 Rd8+ 66. Kc3 f2 67. Rf7+ Ke3 68. Re7+ Kf3 69. Rf7+ Kg2 70. Rg7+ Kf1 71. Kc2 Rd5 72. Rf7 Kg2 0-1

[Event "FRA-chT2S 9899"]
[Site "France"]
[Date "1999.??.??"]
[Round "9"]
[White "Bes, Stephane"]
[Black "Gouy, Frederic"]
[Result "1/2-1/2"]
[WhiteElo "2183"]
[BlackElo "2167"]
[PlyCount "45"]
[EventDate "1998.??.??"]
[EventType "team-tourn"]
[EventRounds "9"]
[EventCountry "FRA"]
[SourceTitle "EXT 2002"]
[Source "ChessBase"]
[SourceDate "2001.11.25"]
[SourceVersion "1"]
[SourceVersionDate "2001.11.25"]
[SourceQuality "1"]

1. d4 Nf6 2. c4 e6 3. Nf3 b6 4. g3 Bb7 5. Bg2 c6 6. Nc3 d5 7. 0-0 Be7 8. b3 0-0 9. Bb2 Ba6 10. Ne5 Nfd7 11. Nxd7 Qxd7 12. cxd5 cxd5 13. Qd2 Nc6 14. Rfc1 Rac8 15. e3 Rc7 16. Bf1 Bxf1 17. Kxf1 Na5 18. Ne2 Rfc8 19. Kg2 Rxc1 20. Rxc1 Rxc1 21. Nxc1 Qc7 22. Nd3 Nb7 23. f3 1/2-1/2

[Event "FRA-chT2S 9798"]
[Site "France"]
[Date "1998.??.??"]
[Round "10"]
[White "Gouy, Frederic"]
[Black "Kesmaker, Pierre"]
[Result "1-0"]
[WhiteElo "2095"]
[BlackElo "2335"]
[PlyCount "57"]
[EventDate "1997.??.??"]
[EventType "team-tourn"]
[EventRounds "9"]
[EventCountry "FRA"]
[SourceTitle "EXT 2003"]
[Source "ChessBase"]
[SourceDate "2002.11.25"]
[SourceVersion "1"]
[SourceVersionDate "2002.11.25"]
[SourceQuality "1"]

1. c4 c5 2. Nf3 Nc6 3. g3 Nf6 4. Nc3 e6 5. d4 cxd4 6. Nxd4 Qb6 7. Ndb5 Bc5 8. Nd6+ Ke7 9. Nde4 Nxe4 10. Nxe4 Qb4+ 11. Bd2 Qxc4 12. Bg2 Bb4 13. 0-0 d5 14. Rc1 Qb5 15. a4 Qa5 16. Rc5 Qd8 17. Rxc6 Bxd2 18. Rxc8 Rxc8 19. Nxd2 Qb6 20. b3 Rc3 21. e4 Qd4 22. Qe2 dxe4 23. Nxe4 Rxb3 24. Qc2 Rb6 25. Rd1 Rc6 26. Qb3 Rb6 27. Qf3 Qb4 28. Qg4 Qxa4 29. Qg5+ 1-0

[Event "FRA-chT2S 9798"]
[Site "France"]
[Date "1998.??.??"]
[Round "6"]
[White "Gouy, Frederic"]
[Black "Noire, Eric"]
[Result "1-0"]
[WhiteElo "2095"]
[BlackElo "2080"]
[PlyCount "51"]
[EventDate "1997.??.??"]
[EventType "team-tourn"]
[EventRounds "9"]
[EventCountry "FRA"]
[SourceTitle "EXT 2003"]
[Source "ChessBase"]
[SourceDate "2002.11.25"]
[SourceVersion "1"]
[SourceVersionDate "2002.11.25"]
[SourceQuality "1"]

1. c4 e6 2. Nf3 d5 3. d4 c5 4. cxd5 exd5 5. g3 Nc6 6. Bg2 c4 7. 0-0 Bf5 8. b3 Nf6 9. bxc4 dxc4 10. d5 Qxd5 11. Bd2 Qd7 12. Nc3 Ne4 13. Qa4 Nxd2 14. Nxd2 Ne5 15. Nb5 Rc8 16. Bxb7 Rc5 17. Ba6 c3 18. Ne4 Bxe4 19. Qxe4 Qc6 20. Qa4 Be7 21. f4 Nd7 22. Rac1 0-0 23. Nxc3 Qxa4 24. Nxa4 Ra5 25. Bc8 Rxa4 26. Bxd7 1-0

[Event "FRA-chT2S 9798"]
[Site "France"]
[Date "1998.??.??"]
[Round "9"]
[White "Poesson, Thierry"]
[Black "Gouy, Frederic"]
[Result "0-1"]
[WhiteElo "2170"]
[BlackElo "2095"]
[PlyCount "69"]
[EventDate "1997.??.??"]
[EventType "team-tourn"]
[EventRounds "9"]
[EventCountry "FRA"]
[SourceTitle "EXT 2003"]
[Source "ChessBase"]
[SourceDate "2002.11.25"]
[SourceVersion "1"]
[SourceVersionDate "2002.11.25"]
[SourceQuality "1"]

1. d4 Nf6 2. Nf3 e6 3. Bg5 Be7 4. e3 d5 5. Nbd2 b6 6. c3 0-0 7. Ne5 c5 8. Bd3 Bb7 9. Qb1 h6 10. Bh4 Nc6 11. 0-0 c4 12. Bc2 Nxe5 13. dxe5 Ne4 14. Bxe7 Nxd2 15. Qd1 Qxe7 16. Qxd2 b5 17. f4 a5 18. Rad1 Rab8 19. Bb1 b4 20. Qc2 g6 21. Rd4 b3 22. axb3 cxb3 23. Qd2 Bc6 24. e4 a4 25. Kh1 Kg7 26. Qf2 Rh8 27. f5 exf5 28. exf5 Qxe5 29. fxg6 f6 30. Qh4 Rhf8 31. Rff4 Qe3 32. Qf2 Qc1+ 33. Qf1 Qxb2 34. Rxa4 Qxc3 35. Be4 0-1

[Event "FRA-chT2S"]
[Site "France"]
[Date "1997.??.??"]
[Round "4"]
[White "Gouy, Frederic"]
[Black "Hodot, Yves"]
[Result "1-0"]
[WhiteElo "2070"]
[BlackElo "2140"]
[PlyCount "59"]
[EventDate "1997.??.??"]
[EventType "team-tourn"]
[EventRounds "9"]
[EventCountry "FRA"]
[SourceTitle "EXT 2007"]
[Source "ChessBase"]
[SourceDate "2006.11.23"]
[SourceVersion "1"]
[SourceVersionDate "2006.11.23"]
[SourceQuality "1"]
[WhiteTeam "Lyon"]
[BlackTeam "Grenoble"]
[WhiteTeamCountry "FRA"]
[BlackTeamCountry "FRA"]

1. c4 f5 2. Nf3 Nf6 3. Nc3 c6 4. d4 g6 5. g3 Bg7 6. Bg2 0-0 7. Bf4 d6 8. Qd2 Ng4 9. h3 e5 10. Bg5 Qb6 11. c5 dxc5 12. dxc5 Qxc5 13. hxg4 e4 14. Be3 Qe7 15. Ng5 h6 16. Nh3 g5 17. gxf5 Bxf5 18. 0-0-0 Na6 19. Qd6 Qf7 20. Qa3 Rfe8 21. Bd4 Bf8 22. Qa4 Nc5 23. Bxc5 Bxc5 24. Bxe4 b5 25. Qc2 Re5 26. Bxf5 Rxf5 27. Ne4 Qe7 28. g4 Re5 29. Rd7 Qf8 30. Nexg5 1-0